|
|
|
|
| LEADER |
00000nam0a2200000 4500 |
| 001 |
158625 |
| 005 |
20241017063203.0 |
| 035 |
|
|
|a (RuTPU)RU\TPU\book\172036
|
| 090 |
|
|
|a 158625
|
| 100 |
|
|
|a 20090427d1978 m y0rusy5003 ca
|
| 101 |
0 |
|
|a rus
|
| 102 |
|
|
|a UA
|
| 105 |
|
|
|a a z 000ay
|
| 200 |
1 |
|
|a Анна Каренина
|e роман в 8 ч.
|f Л. Н. Толстой
|
| 210 |
|
|
|a Киев
|c Днiпро
|d 1989
|
| 215 |
|
|
|a 681,[2] с.
|c портр.
|d 22 см
|
| 610 |
1 |
|
|a Женщина в России
|
| 610 |
1 |
|
|a Дворянство в России
|
| 610 |
1 |
|
|a Россия, 19 в.
|
| 610 |
1 |
|
|a романы
|
| 675 |
|
|
|a Р1
|z rus
|
| 700 |
|
1 |
|a Толстой
|b Л. Н.
|c граф
|c русский писатель
|c член-корреспондент, почетный академик Петербургской АН
|f 1829-1910
|g Лев Николаевич
|7 ca
|8 rus
|2 stltpush
|3 (RuTPU)RU\TPU\pers\497
|9 238
|
| 801 |
|
0 |
|a RU
|b RuMRKP
|c 19950417
|g psbo
|
| 801 |
|
1 |
|a RU
|b 63413507
|c 20090427
|g PSBO
|
| 801 |
|
2 |
|a RU
|b 63413507
|c 20130213
|g PSBO
|
| 942 |
|
|
|c BK
|